Qué es justo y equitativo en una distribución de beneficios derivados del uso de los recursos genéticos, productos derivados y del componente intangible asociado? (Registro nro. 6563)

Detalles MARC
000 -CABECERA
Campo de control 00514nam a2200157 a 4500
005 - FECHA Y HORA DE LA ULTIMA TRANSACCION
Campo de control 20140130092610.0
008 - ELEMENTOS DE LONGITUD FIJA—INFORMACION GENERAL
Campo de control 140130b2006 ck ||||| |||| 00| 0 spa d
041 ## - IDIOMA
Código de idioma para texto/pista de sonido o título separado Español
044 ## - PAÍS DE PUBLICACIÓN
País de publicación Colombia
090 ## - CLASIFICACIÓN LOCAL
Colección IAVH
Consecutivo 01218
100 ## - ASIENTO PRINCIPAL--NOMBRE PERSONAL
Nombre personal Vélez Llinás, Juliana
245 ## - MENCION DE TITULO
Título Qué es justo y equitativo en una distribución de beneficios derivados del uso de los recursos genéticos, productos derivados y del componente intangible asociado?
260 ## - PUBLICACION, DISTRIBUCION, ETC. (PIE DE IMPRENTA)
Lugar de publicación, distribución, etc. Bogota
Nombre del editor, distribuidor, etc. IAvH
Fecha de publicación, distribución, etc. 2006
300 ## - DESCRIPCION FISICA
Extensión 32 p.
942 ## - ELEMENTOS ADICIONALES (KOHA)
Tipo de ítem Impreso
Sistema de clasificación Local
Existencias
Withdrawn status Lost status Sistema de Clasificación Damaged status No para préstamo Colección Ubicación Permanente Ubicación actual Fecha de adquisición Total Checkouts Número topográfico Inventario / Código de Barras Date last seen Ejemplar Price effective from Forma de adquisición Tipo de material
    Local     Humboldt Bogotá Bogotá 03/09/2008   IAVH-01218 024239 04/12/2012 Ej. 1 04/12/2012   Informe Técnico